Enhancing the Knowledge Engineering Process : contributions from ESPRIT
Αποθηκεύτηκε σε:
| Συγγραφή απο Οργανισμό/Αρχή: | |
|---|---|
| Άλλοι συγγραφείς: | , |
| Μορφή: | Βιβλίο |
| Γλώσσα: | English |
| Δημοσίευση: |
Amsterdam ; New York :
North-Holland,
c1992.
|
| Θέματα: | |
| Ετικέτες: |
Προσθήκη ετικέτας
Δεν υπάρχουν, Καταχωρήστε ετικέτα πρώτοι!
|
MARC
| LEADER | 00000cam a2200000 i 4500 | ||
|---|---|---|---|
| 001 | 1/49368 | ||
| 008 | 950824s1992 ne ||| | eng|| | ||
| 035 | |a 1995 |c ΔΑΡΖΕΝΤΑΣ |l 10043588 | ||
| 040 | |a GR-MyUA |b gre |e AACR2 | ||
| 041 | 0 | |a eng | |
| 082 | 0 | |a 006.3 | |
| 245 | 1 | 0 | |a Enhancing the Knowledge Engineering Process : |b contributions from ESPRIT / |c edited by Luc Steels and Brice Lepape. |
| 260 | |a Amsterdam ; |a New York : |b North-Holland, |c c1992. | ||
| 300 | |a vi, 273 σ. : |b εικ. ; |c 25 εκ. | ||
| 500 | |a Περιέχει βιβλιογραφικές παραπομπές και ευρετήρια. | ||
| 650 | 0 | 0 | |a Information technology |z Europe. |
| 700 | 1 | |a Steels, Luc, |e edt | |
| 700 | 1 | |a Lepape, Brice, |e edt | |
| 710 | 2 | |a European Strategic Programme of Research and Development in Information Technology. | |
| 852 | |a INST |b SAMOS |e 19950824 |h 006.3 ENH |p 005300005079 |q 005300005079 |t BK |y 0 | ||
| 909 | |a Σ |b 041049 | ||